| 000 | 00526nam a2200193Ia 4500 | ||
|---|---|---|---|
| 003 | LK-CoDNM | ||
| 008 | 010623t2011 xxu||||| |||| 00| 1 sin d | ||
| 040 |
_aLK-CoDNM _dLK-CoDNM _eLK-CoDNM |
||
| 041 | _asin | ||
| 080 | _a8 C 3 ''12/13'' DHA | ||
| 100 | _aDharmakirti himi,Dvithiya | ||
| 245 | _aසද්ධර්මාලංකාරය | ||
| 246 | _aSaddharmalankaraya | ||
| 260 |
_bRathna _aColombo _c2011 |
||
| 300 | _b231, 21 cm | ||
| 700 |
_aManamperi,Premadasa _eed. |
||
| 700 | _aThilakasiri,Siri | ||
| 942 | _cBK | ||
| 999 |
_c131732 _d131732 |
||